|
|
|
|
| LEADER |
00000nab a2200000 a 4500 |
| 001 |
vtls000922301 |
| 003 |
SK-MaSNL |
| 005 |
20260303225116.0 |
| 008 |
140424e19970000xo 0 slo |
| 035 |
|
|
|a KE31178
|
| 040 |
|
|
|a KEVKJB
|b slo
|c KEVKJB
|e AACR2
|
| 041 |
0 |
|
|a slo
|
| 044 |
|
|
|a xo
|c SK
|
| 080 |
|
|
|a 639.128
|2 1981
|
| 100 |
0 |
|
|a S.G.
|4 aut
|9 895038
|
| 245 |
1 |
0 |
|a "Pustovky na sídlisku"
|
| 650 |
0 |
7 |
|a predátori
|2 SNKPH
|9 55677
|
| 650 |
0 |
7 |
|a sokol myšiar
|2 SNKPH
|9 29065
|
| 651 |
|
7 |
|a Košice (Slovensko)
|2 SNKPHgeo
|9 18694
|
| 773 |
0 |
8 |
|t Poľovníctvo a rybárstvo
|g Roč. 49, č.1 (1997), s. 23
|
| 852 |
|
|
|a ZVYKNI
|b KIS3GCP
|
| 999 |
|
|
|c 2255721
|d 2257651
|